| 000 | 02885cam a22005174i 4500 | ||
|---|---|---|---|
| 003 | PE-LiUPU | ||
| 005 | 20250731172906.0 | ||
| 008 | 170125s2016 miu rb 001 0 eng d | ||
| 020 | _a0802871534 (pbk. : alk. paper) | ||
| 020 | _a9780802871534 (pbk. : alk. paper) | ||
| 035 | _a(Sirsi) a166478 | ||
| 040 |
_aPE-LiUPU _bspa _cPE-LiUPU _erda |
||
| 041 | 1 |
_aeng _hger |
|
| 049 | _aPRUA | ||
| 082 | 0 | 4 |
_a284.1092 _bK26 _223 |
| 100 | 1 |
_aKaufmann, Thomas, _eautor. |
|
| 245 | 1 | 2 |
_aA short life of Martin Luther / _cThomas Kaufmann ; translated by Peter D.S. Krey and James D. Bratt. |
| 264 | 1 |
_aGrand Rapids, Michigan : _bWilliam B. Eerdmans Publishing Company, _c[2016]. |
|
| 300 |
_axii, 146 páginas ; _c21 centimetros. |
||
| 336 |
_atext _2rdacontent |
||
| 337 |
_aunmediated _2rdamedia |
||
| 338 |
_avolume _2rdacarrier |
||
| 490 | 0 | _aReformation resources, 1517-2017 | |
| 504 | _aBibliografía : páginas 137-144. | ||
| 504 | _aÍndices: páginas 145-146. | ||
| 505 | 0 | _aThe search for Martin Luther -- Living in the reformation of God -- A theological life. | |
| 520 | _aMartin Luther, the Augustinian friar who set the Protestant Reformation in motion with his famous Ninety-Five Theses, was a man of extremes on many fronts. He was both hated and honored, both reviled as a heretic and lauded as a kind of second Christ. He was both a quiet, solitary reader and interpreter of the Bible and the first media-star of history, using the printing press to reach many of his contemporaries and become the most-read theologian of the sixteenth century. Thomas Kaufmann's concise biography highlights the two conflicting "natures" of Martin Luther, depicting Luther's earthiness as well as his soaring theological contributions, his flaws as well as his greatness. Exploring the close correlation between Luther's Reformation theology and his historical context, A Short Life of Martin Luther serves as an ideal introduction to the life and thought of the most important figure in the Protestant Reformation. | ||
| 526 | _aSEG42 | ||
| 526 | _aSEG41 | ||
| 526 | _aSEG40 | ||
| 526 | _aSEG39 | ||
| 526 | _aP94 | ||
| 526 | _aP87 | ||
| 526 | _aP86 | ||
| 526 | _aP85 | ||
| 526 | _aP77 | ||
| 526 | _aP76 | ||
| 526 | _aP35 | ||
| 600 | 1 | 4 |
_aLuther, Martin, _d1483-1546. |
| 910 |
_ajck _bjvq _cjck _d20170125. |
||
| 942 |
_2ddc _cBOOK |
||
| 949 |
_a284.1092 K26 _wDEWEY _c1 _i75607 _lCATALOGING _mBUL _p20.00 _r0 _sY _tBOOK _u2017-01-25 _xTEOLOGIA _zPOSGRADO TEOLOGÍA _0COMPRA _o.CIRCNOTE. El documento es de alto precio. _o.STAFF. Colección Teología |
||
| 596 | _a1 | ||
| 999 |
_a284.1092 K26 _wLC _c15219 _i75607 _d15219 _e2018-10-3 _f2021-11-11 _g5 _lCCODEBUL1 _mBUL _n1 _p20.00 _q4 _r0 _sY _tBOOK _u2017-1-25 _xTEOLOGIA _PP85 _0COMPRA _o.STAFF. Colección Teología |
||
| 980 |
_81 _gALBERTO SANCHEZ Responsable de Automatización |
||